|
|
|
|
| LEADER |
00988 a2200193 4500 |
| 008 |
150103s9999 000 0 eng |
| 082 |
|
|
|a 832.6
|
| 100 |
|
|
|a Goethe, Johann Wolfgang Von, 1749-1832.
|
| 245 |
|
|
|a Goetheyude Faust-part:1/
|
| 260 |
|
|
|a Kottayam:
|b National Book Stall,
|c c1982.
|
| 300 |
|
|
|a 227 p.
|
| 500 |
|
|
|a Faust: part one--Play--Translation into Malayalam
|
| 650 |
|
|
|a German drama
|
| 700 |
|
|
|a Govinda panicker, Mathoor.
|
| 942 |
|
|
|c BK
|
| 999 |
|
|
|c 305652
|d 305652
|
| 952 |
|
|
|0 0
|1 0
|2 ddc
|4 0
|6 M_832_600000000000000_GOE_FA
|7 0
|9 350590
|a DRA
|b DRA
|c ST1
|d 2011-11-30
|g 22.00
|i 4403
|l 0
|o M 832.6 GOE/FA
|p DRA4403
|r 2019-01-03
|w 2019-01-03
|y BK
|
| 952 |
|
|
|0 0
|1 0
|2 ddc
|4 0
|6 M_832_600000000000000_GOE_FA
|7 0
|9 350591
|a DRA
|b DRA
|c ST1
|d 2011-11-30
|g 22.00
|i 3023
|l 1
|o M 832.6 GOE/FA
|p DRA3023
|r 2016-06-27
|s 2016-06-22
|w 2011-11-30
|y BK
|
| 952 |
|
|
|0 0
|1 0
|2 ddc
|4 0
|6 M_832_600000000000000_GOE_FA
|7 0
|9 350592
|a DRA
|b DRA
|c ST1
|d 2011-11-30
|g 22.00
|i 1887
|l 1
|o M 832.6 GOE/FA
|p DRA1887
|r 2013-07-30
|s 2013-07-19
|w 2011-11-30
|y BK
|